000 00764 a2200205 4500
010 _aENG-89653
020 _c395.00
_a0195695755
035 _aEN-73186
037 _bDBAD / PUB
082 1 4 _a306.34209184
090 _c11401
_d11401
100 1 _aBagchi, Amiya Kumar
245 1 _aPerilous passage:
_cby Amiya Kumar Bagchi
_bmankind and the global ascendancy of capital
260 _aNew Delhi
_bOxford University Press
_c2008
270 _aYMCA Library Building, Jai Singh Road
_bNew Delhi
_cDelhi
_e110001
300 _axxv, 425p.
_c22 cm (pbk)
500 _aIncludes bibliographical references & index.
942 _adpl
_cEN
_k 306.34209184/ BAG
999 _c11088
_d11088